[Event "XIV Miedzynarodowe Mistrzostwa Gdanska "]
[Site "CEN Gdansk"]
[Date "2012.??.??"]
[Round "6.38"]
[White "Garbowski, Jakub"]
[Black "Ciszewski, Marek"]
[Result "0-1"]
[WhiteElo "1572"]
[BlackElo "1953"]
[PlyCount "98"]
[EventDate "2012.??.??"]

1. e4 e5 2. Nf3 Nc6 3. Bb5 Nf6 4. d3 Bc5 5. Nbd2 O-O 6. O-O d6 7. c3 Bg4 8. h3
Bh5 9. Re1 a6 10. Ba4 b5 11. Bc2 Ne7 12. Nf1 h6 13. Ng3 Bg6 14. Nh2 Nh7 15. Be3
Ba7 16. Bxa7 Rxa7 17. d4 c5 18. Nf3 exd4 19. cxd4 c4 20. d5 f6 21. Nd4 Bf7 22.
Ngf5 Nxf5 23. Nxf5 Kh8 24. Qg4 Rg8 25. Qf4 Rd7 26. Re3 g5 27. Qh2 Qf8 28. Ra3
Bg6 29. Nd4 Qc8 30. Nc6 Re8 31. f3 Nf8 32. Rc3 Qb7 33. g4 Bf7 34. a4 Ra8 35.
Qf2 Ng6 36. axb5 axb5 37. Rxa8+ Qxa8 38. Ra3 Qf8 39. Qb6 Nf4 40. Qxb5 Qc8 41.
Qxc4 Nxh3+ 42. Kh2 Nf4 43. b4 h5 44. b5 hxg4 45. fxg4 Rb7 46. Bd1 Kg7 47. Rf3
Qh8+ 48. Kg1 Qh4 49. Qb3 Be8 0-1

[Event "XIV Miedzynarodowe Mistrzostwa Gdanska "]
[Site "CEN Gdansk"]
[Date "2012.??.??"]
[Round "6.39"]
[White "Wyczling, Artur"]
[Black "Pawlowski, Pawel"]
[Result "1-0"]
[WhiteElo "1499"]
[BlackElo "1837"]
[PlyCount "107"]
[EventDate "2012.??.??"]

1. d4 Nf6 2. c4 g6 3. Nc3 Bg7 4. e4 d6 5. f3 O-O 6. Be3 Nc6 7. Nge2 a6 8. g4 e5
9. d5 Ne7 10. Ng3 c6 11. h4 cxd5 12. cxd5 b5 13. Qd2 Qa5 14. h5 b4 15. Nce2
Nfxd5 16. exd5 Nxd5 17. Bh6 Bxh6 18. Qxh6 b3+ 19. Qd2 Nb4 20. Kf2 Qc5+ 21. Kg2
Nxa2 22. Nf5 Bxf5 23. gxf5 e4 24. fxe4 Qe5 25. Ng3 Rac8 26. Bd3 a5 27. Bb1 Rc5
28. Rxa2 bxa2 29. Bxa2 gxf5 30. Rf1 fxe4 31. Rf5 e3 32. Qe2 Qd4 33. Rf3 Qd2 34.
Rxe3 Qxe2+ 35. Rxe2 Rfc8 36. Bb3 Rb8 37. Bc2 Re5 38. Rd2 Rbb5 39. b3 Rbc5 40.
h6 Rcd5 41. Rf2 Rg5 42. Kf3 Rd4 43. Ke3 Rh4 44. Nf5 Rh3+ 45. Ke2 Rxf5 46. Rxf5
Rxh6 47. Rxa5 Re6+ 48. Kd2 h6 49. Kc3 Kf8 50. b4 Re8 51. Bb3 Re3+ 52. Kb2 Re7
53. Rd5 Re2+ 54. Kc3 1-0

[Event "XIV Miedzynarodowe Mistrzostwa Gdanska "]
[Site "CEN Gdansk"]
[Date "2012.??.??"]
[Round "6.43"]
[White "Grabarczyk, Sylwester"]
[Black "Aftanasiuk, Jakub"]
[Result "1-0"]
[WhiteElo "1746"]
[BlackElo "1548"]
[PlyCount "47"]
[EventDate "2012.??.??"]

1. e4 e6 2. d4 d5 3. Nc3 Bb4 4. e5 c5 5. a3 Bxc3+ 6. bxc3 c4 7. Qg4 g6 8. Bg5
Qa5 9. Qf3 Nd7 10. Nh3 h6 11. Bf6 Ngxf6 12. exf6 Nb6 13. Be2 Bd7 14. O-O O-O-O
15. Rfb1 Rde8 16. Qe3 Bc6 17. Rb4 Nd7 18. Qf4 Nb6 19. f3 Nd7 20. Nf2 g5 21. Qd6
Nxf6 22. a4 h5 23. Qe5 Reg8 24. Qxf6 1-0

[Event "XIV Miedzynarodowe Mistrzostwa Gdanska "]
[Site "CEN Gdansk"]
[Date "2012.??.??"]
[Round "6.44"]
[White "Gostomski, Mariusz"]
[Black "Paziak, Patryk"]
[Result "1-0"]
[WhiteElo "1588"]
[BlackElo "1744"]
[PlyCount "69"]
[EventDate "2012.??.??"]

1. e4 d5 2. exd5 Nf6 3. d4 Nxd5 4. c4 Nf6 5. Nf3 Bg4 6. Be2 e6 7. O-O Be7 8.
Nc3 O-O 9. h3 Bh5 10. Be3 c6 11. Ne5 Bxe2 12. Qxe2 Nbd7 13. Rad1 Qa5 14. f4
Rad8 15. a3 a6 16. Kh1 g6 17. g4 Qc7 18. Bf2 Rfe8 19. h4 Bf8 20. Rg1 Bg7 21.
Qf3 h5 22. gxh5 Nxh5 23. Be3 Nxe5 24. fxe5 Rf8 25. Qg4 b5 26. c5 Kh7 27. Ne4
Rh8 28. Nd6 Rd7 29. Rd2 Bf8 30. Rdg2 Bxd6 31. cxd6 Qd8 32. Qxh5+ Kg8 33. Rxg6+
fxg6 34. Qxg6+ Kf8 35. Rf1+ 1-0

[Event "XIV Miedzynarodowe Mistrzostwa Gdanska "]
[Site "CEN Gdansk"]
[Date "2012.??.??"]
[Round "6.46"]
[White "Szymanowski, Igor"]
[Black "Kostecki, Samuel"]
[Result "1-0"]
[WhiteElo "1639"]
[BlackElo "1447"]
[PlyCount "51"]
[EventDate "2012.??.??"]

1. e4 c5 2. Nf3 e6 3. d4 cxd4 4. Nxd4 a6 5. Bd3 Bc5 6. Nf3 Nc6 7. O-O Nge7 8.
Ng5 Ng6 9. Kh1 Be7 10. Nh3 Nge5 11. f4 Nxd3 12. Qxd3 b6 13. Qg3 Rg8 14. f5 Bb7
15. fxe6 dxe6 16. Ng5 Qd4 17. c3 Qc4 18. Nd2 Qe2 19. Re1 Qh5 20. Nc4 b5 21. Nb6
Rb8 22. Bf4 e5 23. Bxe5 Bxg5 24. Bxb8 Bh4 25. Qc7 Bxe1 26. Qd7+ 1-0

[Event "XIV Miedzynarodowe Mistrzostwa Gdanska "]
[Site "CEN Gdansk"]
[Date "2012.??.??"]
[Round "7.1"]
[White "Cyborowski, Lukasz"]
[Black "Strzemiecki, Zbigniew"]
[Result "1/2-1/2"]
[WhiteElo "2555"]
[BlackElo "2433"]
[PlyCount "32"]
[EventDate "2012.??.??"]

1. Nf3 Nf6 2. c4 e6 3. Nc3 Bb4 4. Qc2 Bxc3 5. Qxc3 b6 6. b3 Bb7 7. Bb2 O-O 8.
g4 d6 9. g5 Ne8 10. h4 e5 11. h5 c5 12. h6 g6 13. Bg2 Qe7 14. O-O-O Nc6 15.
Rhg1 Nc7 16. e3 f6 1/2-1/2

[Event "XIV Miedzynarodowe Mistrzostwa Gdanska "]
[Site "CEN Gdansk"]
[Date "2012.??.??"]
[Round "7.2"]
[White "Ulanowski, Karol"]
[Black "Malisauskas, Vidmantas"]
[Result "0-1"]
[WhiteElo "1987"]
[BlackElo "2460"]
[PlyCount "86"]
[EventDate "2012.??.??"]

1. e4 c5 2. Nf3 d6 3. d4 cxd4 4. Nxd4 Nf6 5. Nc3 Nc6 6. Bg5 Qb6 7. Nb3 e6 8.
Qd2 a6 9. O-O-O Be7 10. f3 O-O 11. h4 Rd8 12. Be3 Qc7 13. Qf2 Nd7 14. h5 b5 15.
h6 g6 16. Kb1 Nce5 17. Nd4 b4 18. Nce2 Bb7 19. Nf4 Nc5 20. Nb3 a5 21. Nd3 a4
22. Nbxc5 dxc5 23. Be2 Nd7 24. Nc1 Bf6 25. Bb5 a3 26. Rxd7 Rxd7 27. Bxd7 axb2
28. Nb3 Qxd7 29. Nxc5 Qb5 30. Qf1 Bc6 31. Qxb5 Bxb5 32. Rd1 Bc4 33. Nb3 Bc3 34.
Rd7 Rc8 35. Bc5 f5 36. Bd4 e5 37. Be3 fxe4 38. fxe4 Rf8 39. Nd2 Bf7 40. Ra7 Be6
41. a3 Rd8 42. Rg7+ Kh8 43. Bg5 bxa3 0-1

[Event "XIV Miedzynarodowe Mistrzostwa Gdanska "]
[Site "CEN Gdansk"]
[Date "2012.??.??"]
[Round "7.3"]
[White "Khamitskiy, Sergei"]
[Black "Rybak, Tomasz"]
[Result "1-0"]
[WhiteElo "2290"]
[BlackElo "2221"]
[PlyCount "75"]
[EventDate "2012.??.??"]

1. d4 Nf6 2. c4 e6 3. g3 Bb4+ 4. Nd2 d5 5. Bg2 O-O 6. Ngf3 b6 7. O-O Nbd7 8.
cxd5 exd5 9. Qb3 a5 10. Ne5 Bb7 11. Ndf3 Re8 12. Bf4 Nf8 13. Ng5 Re7 14. Rac1
Bd6 15. Qc2 c5 16. Ngxf7 Rxf7 17. Nxf7 Kxf7 18. Bxd6 Qxd6 19. dxc5 bxc5 20.
Qxc5 Qxc5 21. Rxc5 Ne6 22. Rb5 Ra7 23. Rc1 g5 24. h3 Ke7 25. f4 gxf4 26. gxf4
Kd7 27. e3 Bc6 28. Rb6 Nd8 29. Bf1 Rc7 30. Bd3 Ne4 31. Bxe4 dxe4 32. Rb8 Ke7
33. Rc5 Nf7 34. Rb6 Kd7 35. Rxa5 Nd6 36. Rh5 Ke6 37. Rc5 Kd7 38. Kf2 1-0

[Event "XIV Miedzynarodowe Mistrzostwa Gdanska "]
[Site "CEN Gdansk"]
[Date "2012.??.??"]
[Round "7.4"]
[White "Zielinski, Wojciech"]
[Black "Janczarski, Michal"]
[Result "1/2-1/2"]
[WhiteElo "2122"]
[BlackElo "2357"]
[PlyCount "72"]
[EventDate "2012.??.??"]

1. e4 c5 2. Nf3 d6 3. d4 cxd4 4. Nxd4 Nf6 5. Bd3 Nc6 6. Nxc6 bxc6 7. c4 e5 8.
O-O Be7 9. Nc3 O-O 10. Bg5 Be6 11. Qe2 h6 12. Bxf6 Bxf6 13. Rfd1 Rb8 14. b3 Qc8
15. c5 d5 16. Ba6 Qd7 17. exd5 cxd5 18. Bb5 Qb7 19. c6 Qb6 20. c7 Rb7 21. Ba6
Rxc7 22. Nxd5 Bxd5 23. Rxd5 e4 24. Rad1 Re7 25. Rd6 Qa5 26. R1d5 Qc3 27. g3 Bg5
28. Bc4 Kh8 29. h4 Bc1 30. h5 Ba3 31. Rd8 Ree8 32. Rxe8 Rxe8 33. Rd7 f5 34. Bf7
Rf8 35. Bg6 Bc5 36. Kg2 36... Bb6 {(...43)} 1/2-1/2

[Event "XIV Miedzynarodowe Mistrzostwa Gdanska "]
[Site "CEN Gdansk"]
[Date "2012.??.??"]
[Round "7.5"]
[White "Pioch, Zygmunt"]
[Black "Kempinski, Tomasz"]
[Result "0-1"]
[WhiteElo "2120"]
[BlackElo "2204"]
[PlyCount "116"]
[EventDate "2012.??.??"]

1. e4 c5 2. Nf3 d6 3. d4 cxd4 4. Nxd4 Nf6 5. Nc3 e5 6. Nb3 Nc6 7. f3 Be7 8. Be3
O-O 9. Qd2 a5 10. Na4 Be6 11. Nb6 Rb8 12. O-O-O Qc7 13. Kb1 Rfd8 14. c4 Bf8 15.
Rc1 Ne8 16. Nd5 Qd7 17. Nxa5 f5 18. Nb3 Qf7 19. Bd3 fxe4 20. fxe4 h6 21. Rcf1
Qg6 22. Rf3 Rd7 23. Rhf1 Rf7 24. Qf2 Ne7 25. Bd2 Rxf3 26. Qxf3 Bf7 27. Nc1 Qe6
28. h4 Nc6 29. Ne2 Qd7 30. Be3 Nc7 31. Qxf7+ Qxf7 32. Rxf7 Kxf7 33. Nxc7 Nb4
34. Bc2 Rc8 35. Bb6 Be7 36. Bb3 Bxh4 37. a3 Nd3 38. c5+ Ke7 39. Nd5+ Kd7 40.
cxd6 Kxd6 41. Be3 Bf2 42. Bd2 Be1 43. Bxe1 Nxe1 44. Ne3 Kc5 45. g4 Nf3 46. Bd5
b5 47. Nf5 Rc7 48. b4+ Kb6 49. Kb2 Nh2 50. Ne3 g6 51. Be6 Rg7 52. Nc3 h5 53.
Ncd5+ Kc6 54. Nf6 h4 55. Bb3 Nf3 56. Bd1 Ng5 57. a4 h3 58. axb5+ Kb7 0-1

[Event "XIV Miedzynarodowe Mistrzostwa Gdanska "]
[Site "CEN Gdansk"]
[Date "2012.??.??"]
[Round "7.7"]
[White "Piesik, Piotr"]
[Black "Stovring, Claus"]
[Result "0-1"]
[WhiteElo "2226"]
[BlackElo "2013"]
[PlyCount "58"]
[EventDate "2012.??.??"]

1. Nf3 Nf6 2. g3 g6 3. Bg2 Bg7 4. d4 O-O 5. O-O d6 6. Nbd2 Nbd7 7. e4 e5 8.
dxe5 dxe5 9. Qe2 b6 10. Nc4 Qe7 11. b3 Ne8 12. Ba3 Nd6 13. Qd1 Nc5 14. Bxc5
bxc5 15. Qd5 Ba6 16. Qxc5 Qe6 17. Nfd2 Rfd8 18. Rfd1 Nxc4 19. Nxc4 Bf8 20. Qxc7
Rdc8 21. Qd7 Bxc4 22. bxc4 Qxc4 23. Rab1 Qxa2 24. Rb7 Rxc2 25. Qd5 Rxf2 26.
Qxa2 Rxa2 27. Bf1 Rc8 28. Rdd7 Rcc2 29. Rb8 Kg7 0-1

[Event "XIV Miedzynarodowe Mistrzostwa Gdanska "]
[Site "CEN Gdansk"]
[Date "2012.??.??"]
[Round "7.8"]
[White "Grajczak, Adrian"]
[Black "Bugalski, Michal"]
[Result "1-0"]
[WhiteElo "1999"]
[BlackElo "2193"]
[PlyCount "67"]
[EventDate "2012.??.??"]

1. Nf3 Nf6 2. g3 b6 3. Bg2 Bb7 4. O-O e6 5. d3 c5 6. e4 Nc6 7. e5 Nd5 8. c4 Nc7
9. Nc3 Be7 10. d4 Nxd4 11. Nxd4 Bxg2 12. Kxg2 cxd4 13. Qxd4 f5 14. Rd1 Qc8 15.
f3 g5 16. Be3 Rg8 17. Rd2 Rg7 18. Rad1 Bc5 19. Qd3 Bf8 20. a3 Qb7 21. Bxg5 Rf7
22. b4 h6 23. Be3 O-O-O 24. c5 f4 25. Bxf4 bxc5 26. bxc5 Bxc5 27. Ne4 Be7 28.
Rb1 Qd5 29. Qxd5 exd5 30. Nd6+ Bxd6 31. exd6 Rg8 32. Rc2 Rxf4 33. Rxc7+ Kd8 34.
Rb8# 1-0

[Event "XIV Miedzynarodowe Mistrzostwa Gdanska "]
[Site "CEN Gdansk"]
[Date "2012.??.??"]
[Round "7.10"]
[White "Olejarczyk, Bogdan"]
[Black "Kotlowski, Tomasz"]
[Result "1/2-1/2"]
[WhiteElo "2117"]
[BlackElo "1995"]
[PlyCount "45"]
[EventDate "2012.??.??"]

1. d4 Nf6 2. Nf3 d6 3. Bf4 g6 4. e3 Bg7 5. h3 O-O 6. Be2 Nfd7 7. Nc3 e5 8. Bh2
Nc6 9. O-O h6 10. Qd2 Nb6 11. Rfd1 Bf5 12. dxe5 Nxe5 13. Nxe5 dxe5 14. e4 Be6
15. Nd5 c6 16. Nxb6 Qxd2 17. Rxd2 axb6 18. a3 Rfd8 19. Rad1 Rxd2 20. Rxd2 f6
21. Bg4 Kf7 22. Kf1 Bxg4 23. hxg4 {(...59)} 1/2-1/2

[Event "XIV Miedzynarodowe Mistrzostwa Gdanska "]
[Site "CEN Gdansk"]
[Date "2012.??.??"]
[Round "7.13"]
[White "Wrzesinski, Pawel"]
[Black "Gluszko, Monika"]
[Result "0-1"]
[WhiteElo "1960"]
[BlackElo "2015"]
[PlyCount "88"]
[EventDate "2012.??.??"]

1. e4 c5 2. Nf3 d6 3. d4 cxd4 4. Nxd4 Nf6 5. Nc3 e6 6. Bb5+ Nbd7 7. Be3 a6 8.
Ba4 b5 9. Bb3 Nc5 10. f3 Bb7 11. Qe2 Be7 12. O-O O-O 13. Rad1 Qc7 14. a4 Nxb3
15. Nxb3 b4 16. Na2 d5 17. exd5 Nxd5 18. Bd4 Bc6 19. Nc5 e5 20. Bf2 Nf4 21. Qe3
a5 22. Rfe1 Bf6 23. Nc1 Rfe8 24. Ne2 Bg5 25. Qb3 Rad8 26. Nxf4 Bxf4 27. c3 e4
28. Rxd8 Bxh2+ 29. Kh1 Rxd8 30. Nxe4 Bd5 31. Qc2 Bf4 32. Qe2 Bc4 33. Qc2 b3 34.
Qb1 f5 35. Nc5 Qf7 36. g3 Rd2 37. Rd1 Qh5+ 38. Kg1 Qxf3 39. Rxd2 Bxd2 40. Nd7
Bd5 41. Kf1 Be3 42. Qe1 Bc4+ 43. Kg1 Qxg3+ 44. Kh1 Bd5# 0-1

[Event "XIV Miedzynarodowe Mistrzostwa Gdanska "]
[Site "CEN Gdansk"]
[Date "2012.??.??"]
[Round "7.14"]
[White "Czarkowski, Tomasz"]
[Black "Zolnierowicz, Krzysztof"]
[Result "0-1"]
[WhiteElo "1636"]
[BlackElo "2226"]
[PlyCount "40"]
[EventDate "2012.??.??"]

1. d4 e6 2. c4 c5 3. e3 Nf6 4. Nc3 d5 5. Nf3 a6 6. a4 Nc6 7. cxd5 exd5 8. b3
cxd4 9. Nxd4 Bb4 10. Qd3 Ne4 11. Bd2 Nxd2 12. Qxd2 Qf6 13. Nde2 O-O 14. Rc1 Re8
15. Qxd5 Bf5 16. Qd2 Rad8 17. Qb2 Ne5 18. Nf4 Bg4 19. h3 Nc4 20. Bxc4 Bxc3+ 0-1

[Event "XIV Miedzynarodowe Mistrzostwa Gdanska "]
[Site "CEN Gdansk"]
[Date "2012.??.??"]
[Round "7.16"]
[White "Marszk, Kazimierz"]
[Black "Zwara, Szymon"]
[Result "1-0"]
[WhiteElo "2050"]
[BlackElo "1737"]
[PlyCount "41"]
[EventDate "2012.??.??"]

1. e4 e5 2. Nf3 Nc6 3. Bb5 f5 4. d3 fxe4 5. dxe4 Nf6 6. O-O Bc5 7. Nc3 d6 8.
Bg5 O-O 9. Nd5 Kh8 10. c3 a6 11. Bc4 Be6 12. b4 Ba7 13. Nxf6 Bxc4 14. Nxh7 Qe8
15. Nxf8 Bxf1 16. Nh4 Bc4 17. Nfg6+ Kg8 18. Qh5 a5 19. Nf5 Bb6 20. Qh8+ Kf7 21.
Qxg7+ 1-0

[Event "XIV Miedzynarodowe Mistrzostwa Gdanska "]
[Site "CEN Gdansk"]
[Date "2012.??.??"]
[Round "7.17"]
[White "Kumala, Aleksander"]
[Black "Sieklucki, Adam"]
[Result "1-0"]
[WhiteElo "1974"]
[BlackElo "1847"]
[PlyCount "79"]
[EventDate "2012.??.??"]

1. e4 e5 2. Nf3 Nc6 3. Bb5 g6 4. d4 exd4 5. Bg5 Be7 6. Bxe7 Qxe7 7. Bxc6 dxc6
8. Qxd4 Nf6 9. Nc3 Bg4 10. O-O-O Bxf3 11. gxf3 O-O 12. e5 Nh5 13. Ne4 Rfd8 14.
Qc3 Rxd1+ 15. Rxd1 Rd8 16. Rxd8+ Qxd8 17. Qe3 b6 18. Qh6 f6 19. exf6 Nxf6 20.
Qg5 Kf7 21. Qf4 Qe7 22. c3 Ke6 23. Kd2 Nxe4+ 24. fxe4 Qc5 25. b3 g5 26. Qg4+
Kf6 27. Qf3+ Kg6 28. h3 Qd6+ 29. Kc2 Qc5 30. Qg3 Qa3 31. Kb1 Qd6 32. Kc2 Qa3
33. Qxc7 Qxa2+ 34. Kd3 Qb1+ 35. Kd4 c5+ 36. Ke5 Qxb3 37. Qc6+ Kg7 38. Kd6 Qf7
39. e5 Qf8+ 40. Ke6 1-0

[Event "XIV Miedzynarodowe Mistrzostwa Gdanska "]
[Site "CEN Gdansk"]
[Date "2012.??.??"]
[Round "7.18"]
[White "Tarajkiewicz, Krzysztof"]
[Black "Pastuszko, Kinga"]
[Result "1/2-1/2"]
[WhiteElo "1574"]
[BlackElo "1958"]
[PlyCount "93"]
[EventDate "2012.??.??"]

1. e4 e5 2. Nf3 Nc6 3. d4 exd4 4. Nxd4 Nf6 5. Nxc6 bxc6 6. e5 Qe7 7. Qe2 Nd5 8.
c4 Ba6 9. Nd2 O-O-O 10. b3 Re8 11. Bb2 g5 12. O-O-O Bg7 13. h4 Nf4 14. Qe3 Bxe5
15. Bxe5 Qxe5 16. Qxe5 Rxe5 17. hxg5 Rxg5 18. g3 Ne6 19. Ne4 Re5 20. Bd3 f5 21.
Nf6 Nd4 22. Nxd7 Kxd7 23. f4 Ra5 24. b4 Rxa2 25. Bxf5+ Ke7 26. Rxd4 Bc8 27.
Rxh7+ Rxh7 28. Bxh7 Ra3 29. Bd3 Ra1+ 30. Kd2 Rg1 31. Re4+ Kd6 32. Re3 c5 33. b5
c6 34. f5 cxb5 35. cxb5 c4 36. Be4 Rf1 37. g4 Rf4 38. Bf3 Bxf5 39. gxf5 Rxf5
40. Bc6 a6 41. bxa6 Kxc6 42. Re6+ Kc7 43. Re7+ Kb6 44. Re6+ Ka7 45. Kc3 Ra5 46.
Re7+ Kxa6 47. Kxc4 1/2-1/2

[Event "XIV Miedzynarodowe Mistrzostwa Gdanska "]
[Site "CEN Gdansk"]
[Date "2012.??.??"]
[Round "7.19"]
[White "Walkusz, Miroslaw"]
[Black "Moszczenski, Milosz"]
[Result "1-0"]
[WhiteElo "1938"]
[BlackElo "1718"]
[PlyCount "87"]
[EventDate "2012.??.??"]

1. d4 e6 2. c4 b6 3. Nf3 Bb7 4. g3 f5 5. Bg2 Bb4+ 6. Bd2 Bxd2+ 7. Qxd2 Nf6 8.
Nc3 d6 9. d5 e5 10. Ng5 Qe7 11. Ne6 Na6 12. Nb5 Bc8 13. Qg5 g6 14. Nbxc7+ Nxc7
15. Nxc7+ Qxc7 16. Qxf6 Rf8 17. Qh4 b5 18. cxb5 Qa5+ 19. b4 Qxb5 20. O-O Rf7
21. e3 e4 22. a3 Bb7 23. Rfd1 Bxd5 24. Bf1 Qb7 25. a4 Kd7 26. Qf4 Rf6 27. Rd4
Bb3 28. Bb5+ Ke7 29. Qh4 Raf8 30. Qxh7+ R8f7 31. Qh4 a6 32. Bc4 Bxc4 33. Rxc4
Ke6 34. Rac1 Rh7 35. Qf4 Rh5 36. g4 Rh3 37. Rd1 d5 38. Rc7 Qxb4 39. Rc6+ Kf7
40. Rc7+ Kg8 41. Qe5 Qd6 42. Rxd5 Qxe5 43. Rxe5 Kf8 44. Kg2 1-0

[Event "XIV Miedzynarodowe Mistrzostwa Gdanska "]
[Site "CEN Gdansk"]
[Date "2012.??.??"]
[Round "7.21"]
[White "Suliborski, Artur"]
[Black "Szczepaniec, Stanislaw"]
[Result "1-0"]
[WhiteElo "1797"]
[BlackElo "2059"]
[PlyCount "73"]
[EventDate "2012.??.??"]

1. d4 Nf6 2. c4 g6 3. Nc3 Bg7 4. e4 O-O 5. Be3 d6 6. f3 b6 7. Qd2 c5 8. d5 Na6
9. Nge2 Bd7 10. g4 Nc7 11. Ng3 Rb8 12. h4 b5 13. h5 e6 14. hxg6 fxg6 15. Qh2
Qe7 16. dxe6 Nxe6 17. O-O-O b4 18. Nce2 Be8 19. Bg2 Rb6 20. g5 Nh5 21. Nxh5
gxh5 22. f4 Ra6 23. Kb1 Qd8 24. Bh3 Qe7 25. Bf5 Rxf5 26. exf5 Nxg5 27. fxg5
Qxe3 28. Nc1 Qxg5 29. Qh3 Qg4 30. Qd3 Bc6 31. Rhe1 Kf7 32. f6 Kxf6 33. Qxd6+
Kg5 34. Qe7+ Bf6 35. Qe3+ Kg6 36. Rg1 Bg2 37. Qd2 1-0

[Event "XIV Miedzynarodowe Mistrzostwa Gdanska "]
[Site "CEN Gdansk"]
[Date "2012.??.??"]
[Round "7.23"]
[White "Pham, Juliusz"]
[Black "Zhuk, Ilya"]
[Result "0-1"]
[WhiteElo "1714"]
[BlackElo "1904"]
[PlyCount "68"]
[EventDate "2012.??.??"]

1. e4 e6 2. d4 d5 3. Nd2 dxe4 4. Nxe4 Nf6 5. Nxf6+ gxf6 6. Nf3 b6 7. Bd3 Bb7 8.
Bf4 Bd6 9. Bxd6 Qxd6 10. c3 Nd7 11. Qe2 O-O-O 12. O-O-O Qf4+ 13. Qe3 Qxe3+ 14.
fxe3 Rdg8 15. Rhg1 f5 16. Rdf1 Nf6 17. Kd2 h5 18. Ke2 Rg7 19. g3 Rhg8 20. Ne5
h4 21. Kf2 Be4 22. Bc4 Kb7 23. Be2 Kb8 24. b4 Bb7 25. Bd3 Be4 26. Be2 Bd5 27.
Bd3 Nh5 28. c4 hxg3+ 29. hxg3 Bb7 30. Be2 Nxg3 31. Nd7+ Kc8 32. Nf6 Nxf1 33.
Nxg8 Rxg1 34. Kxg1 Nxe3 0-1

[Event "XIV Miedzynarodowe Mistrzostwa Gdanska "]
[Site "CEN Gdansk"]
[Date "2012.??.??"]
[Round "7.25"]
[White "Zhuk, Ivan"]
[Black "Dobrowolski, Henryk"]
[Result "1-0"]
[WhiteElo "1642"]
[BlackElo "1883"]
[PlyCount "63"]
[EventDate "2012.??.??"]

1. d4 Nf6 2. Nf3 g6 3. g3 Bg7 4. Bg2 O-O 5. O-O d5 6. Bf4 Nc6 7. Nc3 a6 8. Ne5
Na7 9. a4 b6 10. b4 Bb7 11. b5 a5 12. Nb1 Nh5 13. Nd2 f6 14. Nd3 Nxf4 15. Nxf4
Qd6 16. c4 e6 17. cxd5 exd5 18. Nc4 Qd7 19. Ne3 Bh6 20. Nexd5 Bxf4 21. Nxf4
Bxg2 22. Kxg2 Rae8 23. Qb3+ Rf7 24. e3 Nc8 25. Rac1 Ne7 26. Rc2 g5 27. Ne2 Kg7
28. e4 Ng6 29. f3 g4 30. Rfc1 gxf3+ 31. Qxf3 Qe6 32. Rxc7 1-0

[Event "XIV Miedzynarodowe Mistrzostwa Gdanska "]
[Site "CEN Gdansk"]
[Date "2012.??.??"]
[Round "7.26"]
[White "Ciesielski, Tomasz"]
[Black "Janik, Igor"]
[Result "1/2-1/2"]
[WhiteElo "1837"]
[BlackElo "1767"]
[PlyCount "81"]
[EventDate "2012.??.??"]

1. e4 c5 2. d4 cxd4 3. c3 dxc3 4. Nxc3 Nc6 5. Bc4 e6 6. Nf3 Nf6 7. O-O Qc7 8.
Bg5 a6 9. Qe2 Ng4 10. Rfd1 Bd6 11. h3 Nge5 12. Nxe5 Bxe5 13. Be3 O-O 14. Rac1
b5 15. Bb3 Bb7 16. Qg4 g6 17. f4 Bg7 18. f5 exf5 19. exf5 Qe5 20. Bf4 Qc5+ 21.
Kh1 Qxf5 22. Qxf5 gxf5 23. Rxd7 Na5 24. Bd5 Bxd5 25. Nxd5 Bxb2 26. Rcc7 Rad8
27. Ne7+ Kg7 28. Nxf5+ Kf6 29. g4 Rxd7 30. Rxd7 Re8 31. Bh6 Nc4 32. h4 Rg8 33.
Bg5+ Rxg5 34. hxg5+ Kxg5 35. Rxf7 Kxg4 36. Ne7 h5 37. Nd5 a5 38. Rf4+ Kg3 39.
Rf8 Bd4 40. Rf1 a4 41. Re1 1/2-1/2